02565nam a2200265Ia 450000500170000000800410001704000440005804100130010208200150011510000360013024203180016624503470048425001680083126000750099930000370107450004620111150504930157350600210206654600330208765000510212065000370217165000370220870000300224570000240227520180402151632.0130821s1764 sp frd mulsd aCo-BoUCMbspacSandra YazodSandra Yazo0 alataspa04aR404.22201 aNebrija, Antonio ded1444?-152200aDiccionario de Elio Antonio de Nebrija.yspabAdemás, se adicionaron trabajos de Juan López Serrano. Se incluyeron muchas dicciones de las Sagradas Escrituras y de los textos de ambos derechos. Se incluyen las palabras reconocidas y corregidas de errores anteriores por el cuidado de Juan González Manrique.10aDictionarium Aelii Antonii Nebrissensis ...bPraeter Joannis Lopez Serrani … labores … addita ... Accesserunt permultae dictiones, tum ex Sacrarum Litterarum, tum ex utriusque iuris voluminibus ... Posita sunt etiam omnia recognita, et ab innumeris quibus scatebat mendis vindicata ... Studio, & diligentia L. D. Ioannis Gonzalez Marique. aAccuratius revissa, diligenter recognita, ac denique a mendis perquam plurimis correcta [Cuidadosamente repasados y revisados; corregidos de muchísimas erratas]  aMadrid (España)bEn la oficina de Manuel Martín y a su costac1764 a[14], 776 páginasc30 x 21 cm. aDetalles físicos: Encuadernación original, rígida en cartón forrado en cuero, conserva las cerraduras. Guardas deterioradas. Portada impresa en dos tintas, con un grabado decorativo. Privilegio real. Licencias y permisos. Erratas. Prefacio. Texto impreso en dos columnas con varios tipos y tamaños de letra. Signatura y reclamos. Varias hojas sueltas (página 271 – 274, 435 - 446). Portadilla. Cortes pintados. Papel con deformación de plano0 aDiccionario latino-español: Índice de palabras antiguas, raramente usadas por Terencio ; Índice de palabras ciceronianas, opuestas a los barbarismos del lenguaje cotidiano ; Diccionario de nombres propios, elaborado de probadísimos autores griegos y latinos ; Lugares más recientes con sus nombres vulgares ya corregidos ; Diccionario de romance en latín y español-latín ; Compendio de los vocablos arábigos corruptos que comúnmente usamos en nuestra lengua castellana aConsulta en sala aTexto en latín y español 7aLatínvDiccionariosxObras anteriores a 180074aLatínvDiccionariosxEspañol 0aEspañolvDiccionariosxLatín1 aGonzález Manrique, Juan1 aLopez Serrano, Juan